[Event "Masters December"]
[Site "SchemingMind.com"]
[Date "2011.12.07"]
[Round "-"]
[White "otsenrechess"]
[Black "Tuisceanach44"]
[Result "0-1"]
[WhiteCountry "HUN"]
[BlackCountry "IRL"]
[WhiteElo "1823"]
[WhiteRD "45"]
[BlackElo "2070"]
[BlackRD "69"]
[GameID "298504"]

1. e4 e6 2. d4 d5 3. exd5 exd5 4. Bd3 Bd6 5. Ne2 Nc6 6. O-O Nge7 7. c3 Bg4 8. Na3 a6 9. Qc2 Qd7 10. Re1 O-O-O
0-1

[Event "Masters December"]
[Site "SchemingMind.com"]
[Date "2011.12.07"]
[Round "-"]
[White "Aadsje"]
[Black "otsenrechess"]
[Result "1-0"]
[WhiteCountry "NED"]
[BlackCountry "HUN"]
[WhiteElo "2293"]
[WhiteRD "55"]
[BlackElo "1823"]
[BlackRD "45"]
[GameID "298631"]

1. e4 c5 2. Nc3 Nc6 3. Nf3 e5 4. Bc4 Be7 5. O-O d6 6. h3 Nf6 7. d3 O-O 8. Nd5 Nxd5 9. Bxd5 Be6 10. c3 Bf6
11. Bxe6 fxe6 12. a3
1-0

[Event "Masters December"]
[Site "SchemingMind.com"]
[Date "2011.12.07"]
[Round "-"]
[White "Aadsje"]
[Black "Tuisceanach44"]
[Result "1-0"]
[WhiteCountry "NED"]
[BlackCountry "IRL"]
[WhiteElo "2344"]
[WhiteRD "54"]
[BlackElo "1903"]
[BlackRD "64"]
[GameID "298632"]

1. e4 e6 2. d4 d5 3. Nc3 Bb4 4. e5 b6 5. Qg4 Bf8 6. Nf3 Qd7 7. Bb5 c6 8. Bd3 Ba6 9. O-O Bxd3 10. cxd3 Ne7
11. Bd2 Na6 12. a3 c5 13. Rac1 Nf5 14. Qh3 cxd4 15. Ne2 Qb5 16. Nfxd4 Nxd4 17. Nxd4 Qxb2 18. Bc3 Qxa3 19. Nxe6 Qe7 20. Nxf8 Kxf8
21. d4 Kg8 22. Bd2 Nc7 23. Bg5 Qxg5 24. Rxc7 f5 25. exf6 Qxf6 26. Rc8+ Rxc8 27. Qxc8+ Qf8 28. Rc1 g6 29. Qe6+ Kg7 30. Rc7+ Kh6
31. Qe3+ Kh5 32. h3 Qd6 33. g4+
1-0

[Event "Masters December"]
[Site "SchemingMind.com"]
[Date "2011.12.07"]
[Round "-"]
[White "otsenrechess"]
[Black "Aadsje"]
[Result "0-1"]
[WhiteCountry "HUN"]
[BlackCountry "NED"]
[WhiteElo "1823"]
[WhiteRD "45"]
[BlackElo "2293"]
[BlackRD "55"]
[GameID "298633"]

1. e4 e5 2. Nf3 Nc6 3. Bb5 a6 4. Ba4 Nf6 5. O-O Bd6 6. d4 b5 7. Bb3 exd4 8. e5 Bxe5 9. Nxe5 Nxe5 10. Re1 d6
11. f4 O-O 12. fxe5 dxe5
0-1

[Event "Masters December"]
[Site "SchemingMind.com"]
[Date "2011.12.07"]
[Round "-"]
[White "Tuisceanach44"]
[Black "Aadsje"]
[Result "0-1"]
[WhiteCountry "IRL"]
[BlackCountry "NED"]
[WhiteElo "1903"]
[WhiteRD "64"]
[BlackElo "2344"]
[BlackRD "54"]
[GameID "298634"]

1. d4 Nf6 2. Nf3 d5 3. e3 Nc6 4. Nbd2 g6 5. Bb5 Bg7 6. Ne5 Qd6 7. c4 O-O 8. c5 Qe6 9. Ndf3 Nxe5 10. Nxe5 c6
11. Be2 b6 12. Qc2 Nd7 13. Nd3 bxc5 14. Nxc5 Qd6 15. Nxd7 Bxd7 16. O-O e5 17. Rd1 Rfe8 18. b3 exd4 19. exd4 Bf5 20. Qb2 Qb4
21. Be3 c5 22. a3 Qb6 23. Bf3 Be4 24. Bxe4 Rxe4 25. Rac1 cxd4 26. Bd2 d3 27. Qb1 Re2 28. Be3 Rxe3 29. fxe3 Qxe3+ 30. Kh1 d2
31. Rc2 Bc3 32. Rxc3 Qxc3 33. h3 Re8 34. Kh2 Re1
0-1

[Event "Masters December"]
[Site "SchemingMind.com"]
[Date "2011.12.09"]
[Round "-"]
[White "John Galvin"]
[Black "Aadsje"]
[Result "1/2-1/2"]
[WhiteCountry "USA"]
[BlackCountry "NED"]
[WhiteElo "2250"]
[WhiteRD "62"]
[BlackElo "2259"]
[BlackRD "54"]
[GameID "298831"]

1. e4 e5 2. Nf3 Nc6 3. Nc3 Nf6 4. Bb5 Bc5 5. d3 Nd4 6. Nxe5 c6 7. Bc4 d5 8. exd5 cxd5 9. Bb3 O-O 10. O-O Re8
11. Bf4 b5 12. Bg3 a6 13. Re1 Ra7 14. Ne2 Rae7 15. c3 Nxb3 16. Qxb3 Qb6 17. d4 Bd6 18. c4 Bxe5 19. c5 Qa5 20. dxe5 Nd7
21. f3 Nxc5 22. Qxd5 Ne6 23. Red1 Rc7 24. Qd2 b4 25. a3 Qc5+ 26. Kh1 bxa3 27. Rxa3 Rd7 28. Rd3 Rxd3 29. Qxd3 Bb7 30. Qb3 Bc6
31. Rc1 Qb5 32. Qxb5 Bxb5 33. Nc3 Rc8 34. h3 h5 35. Rd1 Kh7 36. Rd2=
1/2-1/2

[Event "Masters December"]
[Site "SchemingMind.com"]
[Date "2011.12.09"]
[Round "-"]
[White "John Galvin"]
[Black "otsenrechess"]
[Result "1-0"]
[WhiteCountry "USA"]
[BlackCountry "HUN"]
[WhiteElo "2311"]
[WhiteRD "57"]
[BlackElo "1823"]
[BlackRD "45"]
[GameID "298832"]

1. e4 c5 2. c3 Nf6 3. e5 Nd5 4. Nf3 Nc6 5. Bc4 Nb6 6. Bb3 d5 7. exd6 Qxd6 8. Na3 Be6 9. d4 Bxb3 10. Qxb3 cxd4
11. Nb5
1-0

[Event "Masters December"]
[Site "SchemingMind.com"]
[Date "2011.12.09"]
[Round "-"]
[White "John Galvin"]
[Black "Tuisceanach44"]
[Result "1-0"]
[WhiteCountry "USA"]
[BlackCountry "IRL"]
[WhiteElo "2311"]
[WhiteRD "57"]
[BlackElo "2070"]
[BlackRD "69"]
[GameID "298833"]

1. e4 e6 2. d4 d5 3. Nd2 Nc6 4. Ngf3 Nf6 5. e5 Nd7 6. Nb3 a5 7. a4 Be7 8. Bb5 Na7 9. Bd3 b6 10. O-O Bb7
11. Qd2 c5 12. dxc5 Nxc5 13. Nxc5 Bxc5 14. Qf4 Qc7 15. Qg3 g6 16. Bh6 O-O-O 17. c3 Nc6 18. Rfc1 Kb8 19. Nd4 Rc8 20. Nb5 Qd7
21. Qf4 Nd8 22. b4 axb4 23. cxb4 Be7 24. a5 Rxc1+ 25. Rxc1 Nc6 26. axb6 Rc8 27. Nc7 Nxb4 28. Bb5 Qd8 29. Qd4 Qg8 30. Qa1
1-0

[Event "Masters December"]
[Site "SchemingMind.com"]
[Date "2011.12.09"]
[Round "-"]
[White "Aadsje"]
[Black "John Galvin"]
[Result "1/2-1/2"]
[WhiteCountry "NED"]
[BlackCountry "USA"]
[WhiteElo "2259"]
[WhiteRD "54"]
[BlackElo "2250"]
[BlackRD "62"]
[GameID "298834"]

1. d4 Nf6 2. Nc3 d5 3. Bf4 e6 4. e3 Bd6 5. Nf3 Bxf4 6. exf4 Nbd7 7. Be2 c5 8. O-O O-O 9. a4 b6 10. Qd2 Ne4
11. Qe3 Nd6 12. a5 Nf5 13. Qd2 bxa5 14. Rfe1 Rb8 15. b3 a6 16. dxc5 Nxc5 17. Bd3 Nxd3 18. Qxd3 Rb4 19. Qd2 Bb7 20. Na2 Re4
21. Nc3 Rxe1+ 22. Nxe1 Bc6 23. Ne2 a4 24. bxa4 Qb6 25. a5 Qb2 26. Rd1 Rc8 27. Nd3 Qb8 28. Ng3 Nxg3 29. hxg3 Ba4 30. Rc1 Qc7
31. f5 e5 32. c3 Bb5 33. Rd1 Qxc3 34. Qxc3=
1/2-1/2

[Event "Masters December"]
[Site "SchemingMind.com"]
[Date "2011.12.09"]
[Round "-"]
[White "otsenrechess"]
[Black "John Galvin"]
[Result "0-1"]
[WhiteCountry "HUN"]
[BlackCountry "USA"]
[WhiteElo "1823"]
[WhiteRD "45"]
[BlackElo "2311"]
[BlackRD "57"]
[GameID "298835"]

1. d4 Nf6 2. c4 g6 3. Nc3 d5 4. cxd5 Nxd5 5. e4 Nxc3 6. bxc3 Bg7 7. Bc4 c5 8. Ne2 Nc6 9. Be3 O-O 10. O-O Qc7
0-1

[Event "Masters December"]
[Site "SchemingMind.com"]
[Date "2011.12.10"]
[Round "-"]
[White "Tuisceanach44"]
[Black "John Galvin"]
[Result "0-1"]
[WhiteCountry "IRL"]
[BlackCountry "USA"]
[WhiteElo "2070"]
[WhiteRD "69"]
[BlackElo "2311"]
[BlackRD "57"]
[GameID "298836"]

1. d4 Nf6 2. Nf3 g6 3. Nc3 d5 4. Bf4 Bg7 5. e3 O-O 6. Be2 c5 7. Ne5 Qb6 8. a3 cxd4 9. exd4 Nc6 10. Be3 Ne4
11. Nxc6 bxc6 12. Nxe4 dxe4 13. b4 Rd8 14. c3 e5 15. Qc2 exd4 16. cxd4 Bxd4 17. Bxd4 Rxd4 18. O-O Be6 19. Rfd1 e3 20. fxe3 Rxd1+
21. Qxd1 Qxe3+ 22. Kh1 Bd5 23. Bf3 Re8 24. Bxd5 cxd5 25. a4 d4 26. h3 d3 27. Kh2 d2 28. Rb1 Qe5+ 29. Kh1 Qe1+ 30. Kh2 Re3
31. Qg4 Qxb1 32. Qc8+ Kg7
0-1

[Event "Masters December"]
[Site "SchemingMind.com"]
[Date "2011.12.12"]
[Round "-"]
[White "ok"]
[Black "Aadsje"]
[Result "1-0"]
[WhiteCountry "GER"]
[BlackCountry "NED"]
[WhiteElo "2460"]
[WhiteRD "102"]
[BlackElo "2350"]
[BlackRD "59"]
[GameID "299003"]

1. d4 Nf6 2. c4 e6 3. Nc3 Bb4 4. Nf3 d5 5. Bg5 dxc4 6. e4 c5 7. e5 cxd4 8. Nxd4 Qa5 9. exf6 Bxc3+ 10. bxc3 Qxg5
11. fxg7 Rg8 12. h4 Qxg7 13. Rh3 Qe5+ 14. Re3 Qc5 15. Nf3 Nd7 16. Ng5 Nf6 17. Qf3 Rg6 18. Rd1 Kf8 19. Rd4 e5 20. Rxc4 Qd6
21. Bd3 Rg7 22. Bc2 Rb8 23. Rd3 Qe7 24. Rc7 Bg4 25. Rxe7 Bxf3 26. Rxf7+ Rxf7 27. Rxf3 h6 28. Nxf7 Kxf7 29. g4 Kg7 30. g5 hxg5
31. hxg5 Nd7 32. Rh3 Nf8 33. Bf5 Rd8 34. Rh6 Rd5 35. Be4 Rd7 36. Ke2 Rc7 37. Kd3 Rd7+ 38. Kc4 Rc7+ 39. Kb4 Rd7 40. f3 b6
41. a4 Rc7 42. c4 Rc5 43. Rd6 Rc7 44. Rd5 Nd7 45. a5 Nc5 46. axb6 axb6 47. Rxe5 Nxe4 48. Rxe4 Kg6 49. Kb5 Kxg5 50. Kxb6 Rf7
51. c5
1-0

[Event "Masters December"]
[Site "SchemingMind.com"]
[Date "2011.12.12"]
[Round "-"]
[White "ok"]
[Black "Tuisceanach44"]
[Result "1-0"]
[WhiteCountry "GER"]
[BlackCountry "IRL"]
[WhiteElo "2440"]
[WhiteRD "101"]
[BlackElo "1903"]
[BlackRD "64"]
[GameID "299005"]

1. d4 e6 2. c4 f5 3. Nc3 Nf6 4. Qc2 c6 5. Nf3 d5 6. Bg5 Bd6 7. e3 O-O 8. Be2 b6 9. O-O Bb7 10. Rac1 Nbd7
11. cxd5 cxd5 12. Nb5 Rc8 13. Qb3 Bb8 14. Qa3 a6 15. Nd6 Bxd6 16. Qxd6 Re8 17. Bd3 h6 18. Rxc8 Bxc8 19. Bf4 Ne4 20. Qc6 b5
21. Rc1 Qb6 22. Qa8 Qb7 23. Qxb7 Bxb7 24. Rc7 Bc8 25. Ne5 Nef6 26. Nc6
1-0

[Event "Masters December"]
[Site "SchemingMind.com"]
[Date "2011.12.12"]
[Round "-"]
[White "ok"]
[Black "John Galvin"]
[Result "1/2-1/2"]
[WhiteCountry "GER"]
[BlackCountry "USA"]
[WhiteElo "2440"]
[WhiteRD "101"]
[BlackElo "2310"]
[BlackRD "56"]
[GameID "299006"]

1. d4 Nf6 2. c4 g6 3. Nc3 d5 4. Qb3 dxc4 5. Qxc4 Bg7 6. e4 Nfd7 7. Be3 Nb6 8. Qc5 O-O 9. h4 e5 10. d5 f5
11. Nf3 f4 12. Bd2 N8d7 13. Qa3 Nf6 14. Rc1 c6 15. h5 Nxh5 16. dxc6 bxc6 17. Na4 Bg4 18. Nc5 Re8 19. Be2 Qf6 20. Bc3 Kh8
21. Nd3 Nd7 22. Rd1 Qe7 23. Qxe7 Rxe7 24. Nb4 Rc8 25. Ba6 Rc7 26. Rd6 Re6= 27. Rxe6 Bxe6 28. Ke2 Nc5 29. Rd1 Kg8 30. Ng5 Kf8
31. Nxe6+ Nxe6 32. Nd3 Rd7 33. Rc1 Nd4+ 34. Kf1 Bf6 35. Bxd4 Rxd4 36. Rxc6 Rxe4 37. Nc5 Rb4 38. b3 Ke7 39. Bc4 Rb6 40. Rc7+ Kd6
41. Rc8 Be7 42. Ne4+ Kd7 43. Ra8 Rb7 44. Rh8 Nf6 45. Nxf6+ Bxf6 46. Rxh7+=
1/2-1/2

[Event "Masters December"]
[Site "SchemingMind.com"]
[Date "2011.12.14"]
[Round "-"]
[White "Aadsje"]
[Black "ok"]
[Result "0-1"]
[WhiteCountry "NED"]
[BlackCountry "GER"]
[WhiteElo "2344"]
[WhiteRD "54"]
[BlackElo "2440"]
[BlackRD "101"]
[GameID "299007"]

1. e4 c5 2. Nf3 Nc6 3. d4 cxd4 4. Nxd4 g6 5. c4 Nf6 6. Nc3 d6 7. Be2 Nxd4 8. Qxd4 Bg7 9. O-O O-O 10. Qd3 Be6
11. Bd2 Nd7 12. Qc2 Rc8 13. b3 Nc5 14. Rad1 b6 15. Be3 Bxc3 16. Qxc3 Nxe4 17. Qd4 Nf6 18. Qh4 Nd7 19. Rfe1 Bf5 20. Bh6 Re8
21. Bf3 Rc5 22. Bf4 f6 23. Be3 Rc7 24. h3 Ne5 25. Be2 Nf7 26. Qg3 Bc2 27. Rd2 Be4 28. h4 e5 29. h5 g5 30. f3 Bb7
31. Bd3 Bc8 32. Rde2 f5 33. Bc1 Rf8 34. f4 h6 35. Bb1 Re7 36. fxg5 f4 37. Qd3 Nxg5 38. Ba3 Re6 39. Rf2 Bb7 40. Bc1 Ref6
41. Qd1 Qc8 42. a3 Nh3+
0-1

[Event "Masters December"]
[Site "SchemingMind.com"]
[Date "2011.12.14"]
[Round "-"]
[White "Tuisceanach44"]
[Black "ok"]
[Result "0-1"]
[WhiteCountry "IRL"]
[BlackCountry "GER"]
[WhiteElo "1903"]
[WhiteRD "64"]
[BlackElo "2440"]
[BlackRD "101"]
[GameID "299009"]

1. d4 d5 2. Nf3 Nf6 3. e3 c6 4. Bd3 Bg4 5. h3 Bh5 6. Nbd2 e6 7. c4 Nbd7 8. Qc2 Bd6 9. b3 Rc8 10. Bb2 O-O
11. O-O c5 12. Ne5 b5 13. f4 cxd4 14. exd4 dxc4 15. bxc4 bxc4 16. Ndxc4 Nb6 17. Rac1 Nxc4 18. Bxc4 Bg6 19. Nxg6 hxg6 20. Qe2 Nh5
21. Qd2 Qh4 22. Qc3 Bxf4 23. Rc2 Rc6 24. Qf3 Rfc8 25. Qb3 Ng3 26. Rd1 Rxc4 27. Rxc4 Rxc4 28. Qxc4 Be3+
0-1

[Event "Masters December"]
[Site "SchemingMind.com"]
[Date "2011.12.14"]
[Round "-"]
[White "John Galvin"]
[Black "ok"]
[Result "0-1"]
[WhiteCountry "USA"]
[BlackCountry "GER"]
[WhiteElo "2250"]
[WhiteRD "62"]
[BlackElo "2391"]
[BlackRD "113"]
[GameID "299010"]

1. e4 c5 2. c3 d5 3. exd5 Qxd5 4. d4 Nf6 5. Nf3 e6 6. Na3 Qd8 7. Nc4 Nc6 8. Nce5 a6 9. Nxc6 bxc6 10. Be2 cxd4
11. Qxd4 Bb7 12. Qh4 Be7 13. O-O O-O 14. Rd1 Qa5 15. Bd3 Rfd8 16. Bf4 Qh5 17. Qxh5 Nxh5 18. Bc7 Rdc8 19. Be4 Rxc7
0-1

[Event "Masters December"]
[Site "SchemingMind.com"]
[Date "2011.12.15"]
[Round "-"]
[White "johnd"]
[Black "ok"]
[Result "0-1"]
[WhiteCountry "IRL"]
[BlackCountry "GER"]
[WhiteElo "1891"]
[WhiteRD "105"]
[BlackElo "2391"]
[BlackRD "113"]
[GameID "299144"]

1. e4 c5 2. Nf3 Nc6 3. d4 cxd4 4. Nxd4 Nf6 5. Nc3 e5 6. Nxc6 bxc6 7. Bc4 Bb4 8. O-O O-O 9. Bd3 d5 10. exd5 cxd5
11. Qe2 e4 12. Bb5 Bg4 13. f3 exf3 14. Qf2 d4 15. gxf3 dxc3 16. fxg4 Nxg4 17. Qg3 Qb6+ 18. Kh1 Qxb5
0-1

[Event "Masters December"]
[Site "SchemingMind.com"]
[Date "2011.12.14"]
[Round "-"]
[White "johnd"]
[Black "Aadsje"]
[Result "0-1"]
[WhiteCountry "IRL"]
[BlackCountry "NED"]
[WhiteElo "1891"]
[WhiteRD "105"]
[BlackElo "2259"]
[BlackRD "54"]
[GameID "299145"]

1. d4 Nf6 2. e3 e6 3. Bd3 c5 4. c3 d5 5. Nf3 Nc6 6. Nbd2 Qc7 7. O-O b6 8. e4 Be7 9. e5 Nd7 10. a3 O-O
11. Re1 Bb7 12. Nf1 Rfc8 13. Ne3 a5 14. Ng4 Nf8 15. Be3 h5 16. Nh6+ gxh6 17. Bxh6 Ba6 18. Bc2 cxd4 19. Ng5 Bxg5 20. Bxg5 d3
21. Bf6 Ng6 22. Qxh5 Nce7 23. Qh6 Nf5 24. Qh5 dxc2 25. g4 Ng7 26. Qh6 Ne8 27. h4 Qc4 28. Re3 Qf4 29. Bg5 Qxg4+ 30. Rg3 Qd1+
0-1

[Event "Masters December"]
[Site "SchemingMind.com"]
[Date "2011.12.14"]
[Round "-"]
[White "johnd"]
[Black "Tuisceanach44"]
[Result "0-1"]
[WhiteCountry "IRL"]
[BlackCountry "IRL"]
[WhiteElo "1891"]
[WhiteRD "105"]
[BlackElo "2002"]
[BlackRD "74"]
[GameID "299147"]

1. d4 e6 2. c4 f5 3. g3 Nf6 4. Bg2 c6 5. Nh3 Be7 6. Nc3 d6 7. O-O O-O 8. Qc2 e5 9. dxe5 dxe5 10. e4 Nxe4
11. Nxe4 fxe4 12. Rd1 Qc7 13. Ng5 Bg4 14. Re1 Bxg5 15. Bxg5 Bf3 16. Qc3 h6 17. Be3 Nd7
0-1

[Event "Masters December"]
[Site "SchemingMind.com"]
[Date "2011.12.14"]
[Round "-"]
[White "johnd"]
[Black "John Galvin"]
[Result "0-1"]
[WhiteCountry "IRL"]
[BlackCountry "USA"]
[WhiteElo "1891"]
[WhiteRD "105"]
[BlackElo "2250"]
[BlackRD "62"]
[GameID "299148"]

1. e4 c5 2. f4 Nc6 3. Nf3 e6 4. Be2 d5 5. exd5 exd5 6. O-O Nf6 7. d3 Bd6 8. Nc3 a6 9. Kh1 O-O 10. Ng1 Nd4
11. Bf3 Be6 12. Nge2 Nxf3 13. Rxf3 Bg4 14. Rf2 Re8 15. Qf1 d4 16. Nd1 Qe7 17. Ng3 h5 18. Ne4 Nxe4 19. dxe4 Qxe4 20. b3 c4
21. Nb2 Be2 22. Qe1 c3 23. Nc4 Bxc4
0-1

[Event "Masters December"]
[Site "SchemingMind.com"]
[Date "2011.12.15"]
[Round "-"]
[White "ok"]
[Black "johnd"]
[Result "1-0"]
[WhiteCountry "GER"]
[BlackCountry "IRL"]
[WhiteElo "2391"]
[WhiteRD "113"]
[BlackElo "1891"]
[BlackRD "105"]
[GameID "299149"]

1. d4 Nf6 2. c4 e6 3. Nf3 b6 4. Nc3 Bb4 5. Bg5 Bb7 6. e3 Bxc3+ 7. bxc3 d6 8. Bd3 Nbd7 9. O-O h6 10. Bh4 g5
11. Bg3 Nh5 12. Nd2 Nxg3 13. fxg3 h5 14. Qa4 Qe7 15. Rf2 O-O-O 16. Qxa7 g4 17. c5 dxc5 18. Ba6 Bxa6 19. Qxa6+ Kb8 20. a4 cxd4
21. cxd4 h4 22. a5 hxg3 23. hxg3 f5 24. axb6 Nxb6 25. Nc4 Qh7 26. Qa7+
1-0

[Event "Masters December"]
[Site "SchemingMind.com"]
[Date "2011.12.15"]
[Round "-"]
[White "Aadsje"]
[Black "johnd"]
[Result "1-0"]
[WhiteCountry "NED"]
[BlackCountry "IRL"]
[WhiteElo "2259"]
[WhiteRD "54"]
[BlackElo "1891"]
[BlackRD "105"]
[GameID "299150"]

1. d4 c5 2. d5 e5 3. c4 d6 4. e4 Nf6 5. Nc3 Be7 6. h3 Nbd7 7. Be3 a6 8. Bd3 Nf8 9. Nf3 Ng6 10. O-O O-O
11. Qd2 Nh5 12. Rfb1 Nhf4 13. b4 f5 14. bxc5 Nxd3 15. cxd6 Bxd6 16. Qxd3 fxe4 17. Nxe4 Bxh3 18. Rxb7 Bc8 19. Bb6 Nf4 20. Qf1 Qe8
21. Nxd6 Qg6 22. Nxc8 Raxc8 23. Nxe5 Qg5 24. Re1 Rf6 25. g3 Qh5 26. gxf4
1-0

[Event "Masters December"]
[Site "SchemingMind.com"]
[Date "2011.12.15"]
[Round "-"]
[White "Tuisceanach44"]
[Black "johnd"]
[Result "1-0"]
[WhiteCountry "IRL"]
[BlackCountry "IRL"]
[WhiteElo "2070"]
[WhiteRD "69"]
[BlackElo "1871"]
[BlackRD "106"]
[GameID "299152"]

1. d4 Nf6 2. Nf3 d5 3. e3 e6 4. Bd3 c5 5. b3 Nc6 6. O-O Be7 7. Bb2 O-O 8. Nbd2 b6 9. Ne5 Bb7 10. f4 Nxe5
11. fxe5 Ne4 12. Bxe4 dxe4 13. Qg4 Rc8 14. c4 cxd4 15. Bxd4 Bc5 16. Nxe4 Bxd4 17. exd4 Qxd4+ 18. Nf2 Qxe5 19. Kh1 Rcd8 20. Rfe1 Qd4
21. Qxd4 Rxd4 22. Rad1 Rfd8 23. Kg1
1-0

[Event "Masters December"]
[Site "SchemingMind.com"]
[Date "2011.12.15"]
[Round "-"]
[White "John Galvin"]
[Black "johnd"]
[Result "1-0"]
[WhiteCountry "USA"]
[BlackCountry "IRL"]
[WhiteElo "2250"]
[WhiteRD "62"]
[BlackElo "1891"]
[BlackRD "105"]
[GameID "299153"]

1. e4 d5 2. exd5 Qxd5 3. Nc3 Qa5 4. d4 Nf6 5. Nf3 Bf5 6. Ne5 c6 7. Nc4 Qc7 8. g3 e6 9. Bf4 Qd8 10. Ne3 Bg6
11. h4 h5 12. a3 Bd6 13. Bg5 Nbd7 14. Bd3 Bxd3 15. Qxd3 Qc7 16. Nc4 O-O-O 17. O-O-O Rde8 18. Qf3 Ng4 19. Ne4
1-0